| 000 | 00732nam a2200289Ia 4500 | ||
|---|---|---|---|
| 008 | 171025s9999 xx 000 0 und d | ||
| 020 | _a9780671733353 | ||
| 050 | _a158 | ||
| 050 | _bC289 1984 | ||
| 100 | _aCarnegie, Dale | ||
| 245 | _aHow to stop worrying and start living : | ||
| 245 | _btime-tested methods for conquering worry / | ||
| 245 | _cby Dale Carnegie. | ||
| 250 | _aRevised edition. | ||
| 260 | _aNew York : | ||
| 260 | _bPocket Books, | ||
| 260 | _c1984 | ||
| 300 | _a385 pages : | ||
| 300 | _billustrations ; | ||
| 300 | _c17cm. | ||
| 500 | _aIncludes index. | ||
| 650 | _aConduct of life. | ||
| 650 | _aSuccess in business. | ||
| 650 | _aSuccess. | ||
| 650 | _aWorry. | ||
| 700 | _aTitle. | ||
| 999 |
_c344932 _d344932 |
||